000 00477nam a2200181Ia 4500
003 GCL
008 140319s9999 xx 000 0 eng d
040 _aGCL /
_cGCL
082 0 4 _a320
_bS B
100 1 _aSHERM, GEORGE
245 1 0 _aBEYOND NEUTRALITY: PERFECTIONISM AND POLITICS /
_cSHERM, GEORGE
260 _a[S.N] :
_bCAMBRIDGE UNIVERSITY PRESS ،
_c1997
300 _a251 P
650 0 4 _aVALUES
650 0 4 _aAUTONOMY
650 0 4 _aPOLITICAL ETHICS
942 _2ddc
_cBK
999 _c16284
_d16284